La escuela laica

Salvato in:
Dettagli Bibliografici
Autori principali: Ferry, J (Autore), Buisson, F (Autore), Pécaut, F (Autore), Jaurés, J (Autore), Landon, G (Autore), Lavisse, E (Autore), Giner de los Ríos, Francisco (Autore), Sarmiento, Domingo Faustino (Autore)
Natura: Libro
Lingua:spagnolo
Pubblicazione: Buenos Aires Losada 1945
Serie:Biblioteca del Maestro, 16
Soggetti:
Tags: Aggiungi Tag
Nessun Tag, puoi essere il primo ad aggiungerne!!

MARC

LEADER 00000nam a2200000 a 4500
001 UCU0503
003 CL-VaPUC
008 960322e19450000AG |||||||||||||||||spa|d
082 0 4 |a 370.114  |b FER  |2 21 
100 0 |a Ferry, J  |e author  |9 355722 
700 0 |a Buisson, F  |e author  |9 355723 
700 0 |a Pécaut, F  |e author  |9 355724 
700 0 |a Jaurés, J  |e author  |9 355725 
700 0 |a Landon, G  |e author  |9 355726 
700 0 |a Lavisse, E  |e author  |9 355727 
700 |a Giner de los Ríos, Francisco  |e author  |9 378326 
700 |a Sarmiento, Domingo Faustino  |e author  |9 311947 
245 1 3 |a La escuela laica 
300 |a 165 p 
942 |c BK 
945 |d 19960322 00:00:00  |a lriquelm 
260 |a Buenos Aires  |b Losada  |c 1945 
650 0 |a Filosofía de la educación   |9 258384 
650 0 |a Educación moral  |9 308319 
650 0 |a Educación pública  |9 309676 
650 7 |a ESCUELAS PUBLICAS  |2 CL-VaPUC  |9 312134 
583 |a last modification  |c 20170829 01:15:13  |k Rodrigo Vera 
490 0 |a Biblioteca del Maestro, 16 
999 |c 245346  |d 245344 
952 |0 0  |1 0  |4 0  |6 370_114000000000000_FER_1945  |7 0  |8 P  |9 259828  |a BIBEDU  |b BIBEDU  |c BIBEDU_PB  |d 2019-11-19  |i 1636111  |o 370.114 FER 1945  |p 1636111  |r 2024-01-25  |w 2019-11-19  |y BK  |k EDU 
952 |0 0  |1 0  |4 0  |6 370_114000000000000_FER_1945  |7 0  |8 P  |9 259829  |a BIBEDU  |b BIBEDU  |c BIBEDU_PB  |d 2019-11-19  |i 1637320  |o 370.114 FER 1945  |p 1637320  |r 2024-01-25  |w 2019-11-19  |y BK  |k EDU